In Search of European Excellence (Record no. 4432)

MARC details
000 -LEADER
fixed length control field 00410nam a22001697a 4500
005 - DATE AND TIME OF LATEST TRANSACTION
control field 20260413170546.0
008 - FIXED-LENGTH DATA ELEMENTS--GENERAL INFORMATION
fixed length control field 160628b xxu||||| |||| 00| 0 eng d
020 ## - INTERNATIONAL STANDARD BOOK NUMBER
ISBN 1-86197-528-7
041 ## - LANGUAGE CODE
Language code of text/sound track or separate title eng
082 ## - DEWEY DECIMAL CLASSIFICATION NUMBER
Classification number 658.4
100 ## - MAIN ENTRY--AUTHOR NAME
Personal name Robert Heller
245 ## - TITLE STATEMENT
Title In Search of European Excellence
260 ## - PUBLICATION, DISTRIBUTION, ETC. (IMPRINT)
Name of publisher Profile books
Year of publication 1997
300 ## - PHYSICAL DESCRIPTION
Number of Pages 263
650 ## - SUBJECT ADDED ENTRY--TOPICAL TERM
Topical Term Executive management
942 ## - ADDED ENTRY ELEMENTS (KOHA)
Koha item type Books
Holdings
Lost status Damaged status Collection code Home library Current library Shelving location Date acquired Cost, normal purchase price Full call number Accession Number Koha item type
    LIFE SKILL JRU Library JRU Library SHELF-101-I 28/06/2016 295.00 658.4 10575 Books